| 000 | 00790nam a2200289Ia 4500 | ||
|---|---|---|---|
| 003 | SMC | ||
| 005 | 20160629104820.0 | ||
| 008 | 160303s9999 xx 000 0 und d | ||
| 020 | _a971-92541-0-6 | ||
| 050 | _aFIL HF 5549.17 | ||
| 050 | _b.J56 2002 | ||
| 100 | _aJimenez, Ramon T. | ||
| 245 | _aPractical guidelines in employee relations : | ||
| 245 | _bforms to use / | ||
| 245 | _cRamon T. Jimenez. | ||
| 260 | _aQuezon City: | ||
| 260 | _bRamon T. Jimenez Pub., | ||
| 260 | _c2002 | ||
| 300 | _a354 pages : | ||
| 300 | _billustrations ; | ||
| 300 | _c25 cm. | ||
| 650 | _aIndustrial relations -- | ||
| 650 | _aPersonnel management -- | ||
| 650 | _xPhilippines -- Handbooks, manuals, etc. | ||
| 650 | _xPhilippines -- Handbooks, manuals, etc. | ||
| 942 |
_2lcc _cBK |
||
| 999 |
_c291297 _d291297 |
||